| 000 | 00538 a2200181 4500 | ||
|---|---|---|---|
| 003 | OSt | ||
| 005 | 20240208130344.0 | ||
| 008 | 240208b |||||||| |||| 00| 0 eng d | ||
| 020 | _a97891200101 | ||
| 040 | _coclc | ||
| 082 |
_a894.8124 _bTHI/J |
||
| 100 |
_aThiruvazhamkunnu, T. R _910432 |
||
| 245 |
_aJeevitham samooham sahithyam / _c T. R. Thiruvazhamkunnu |
||
| 250 | _a1st ed. | ||
| 260 |
_aKottakkal: _bChithrarasmi Books, _c2021. |
||
| 300 | _a182p. | ||
| 942 |
_2ddc _cBK _h894.8124 _iTHI/J _k894.8124 _mTHI/J |
||
| 999 |
_c44402 _d44402 |
||